top 10 most touchdowns in NFL history - Statistics

General Stats
  • This quiz has been taken 26 times
  • The average score is 5 of 11
Answer Stats
Hint Answer % Correct
1 Jerry Rice
100%
4 Randy Moss
90%
2 Emmitt Smith
81%
10T Adrian Peterson
52%
5 Terrell Owens
52%
10T Jim Brown
48%
7 Marshall Faulk
33%
6 Marcus Allen
29%
8 Cris Carter
24%
3 LaDainian Tomlinson
19%
9 Marvin Harrison
19%
No matching quizzes found
Score Distribution
Percent of People with Each Score
Percentile by Number Answered
Your Score History
You have not taken this quiz